[Event "XIV C.to Italiano U20"]
[Site "Bratto - Castione della Presolana ITA"]
[Date "2006.08.20"]
[Round "2"]
[White "Ronchetti, Niccolo'"]
[Black "Bosi, Clint"]
[Result "1-0"]
[WhiteElo "2421"]
[BlackElo "2050"]
[PlyCount "47"]
[EventDate "2006.08.19"]

1. e4 c5 2. Nf3 Nc6 3. Bb5 a6 4. Bxc6 bxc6 5. O-O d5 6. Qe2 Bg4 7. Qe3 Bxf3 8.
Qxf3 e6 9. Nc3 Bd6 10. b3 Ne7 11. Bb2 O-O 12. Rae1 Ng6 13. Qg4 f5 14. exf5 exf5
15. Qh5 Nf4 16. Qf3 Qg5 17. Ne2 Ng6 18. Qe3 f4 19. Qe6+ Kh8 20. Qxd6 Rad8 21.
Qc7 Nh4 22. Ng3 f3 23. Re5 Qxd2 24. Re8 1-0

[Event "XIV C.to Italiano U20"]
[Site "Bratto - Castione della Presolana ITA"]
[Date "2006.08.20"]
[Round "2"]
[White "Sala, Giovanni"]
[Black "Fossati, Remigio"]
[Result "0-1"]
[WhiteElo "1968"]
[BlackElo "2203"]
[PlyCount "90"]
[EventDate "2006.08.19"]

1. e4 c5 2. Nf3 d6 3. d4 cxd4 4. Nxd4 Nf6 5. f3 e5 6. Bb5+ Nbd7 7. Nf5 d5 8.
exd5 a6 9. Ba4 b5 10. Bb3 Nc5 11. Ne3 Bb7 12. Nc3 Qd7 13. Qe2 Be7 14. O-O O-O
15. d6 Bxd6 16. Ned5 Nxd5 17. Bxd5 b4 18. Bxb7 Qxb7 19. Ne4 Nxe4 20. fxe4 Bc5+
21. Kh1 Rac8 22. Qg4 Rc6 23. Bd2 Rd8 24. Rad1 Rcd6 25. Bh6 f6 26. Rxd6 Rxd6 27.
Qe2 Rd4 28. Qg4 Rxe4 29. Qe6+ Qf7 30. Qc8+ Bf8 31. Bd2 Rc4 32. Qf5 Qg6 33. Qe6+
Qf7 34. Qf5 Be7 35. c3 a5 36. b3 Rc7 37. c4 Bc5 38. Qe4 Rd7 39. Qa8+ Qf8 40.
Qxf8+ Kxf8 41. Bc1 e4 42. g3 e3 43. Bxe3 Bxe3 44. Rf5 Bb6 45. c5 Bc7 0-1

[Event "XIV C.to Italiano U20"]
[Site "Bratto - Castione della Presolana ITA"]
[Date "2006.08.20"]
[Round "2"]
[White "Stromboli, Carlo"]
[Black "Puleo, Diego"]
[Result "1-0"]
[WhiteElo "2196"]
[BlackElo "1767"]
[PlyCount "69"]
[EventDate "2006.08.19"]

1. e4 e5 2. Nf3 d6 3. d4 exd4 4. Nxd4 Nf6 5. Nc3 Be7 6. g3 c6 7. Bg2 O-O 8. O-O
Re8 9. Bf4 Bf8 10. Qd2 Na6 11. Rad1 Nc5 12. Rfe1 Qb6 13. Nb3 Bg4 14. Ra1 Nxb3
15. axb3 a6 16. Be3 Qc7 17. f3 Be6 18. Qf2 d5 19. Bf4 Qc8 20. g4 Nd7 21. Rad1
d4 22. Ne2 c5 23. Kh1 a5 24. h4 h6 25. Ng3 Qd8 26. g5 hxg5 27. hxg5 Qb6 28. Nh5
Be7 29. Qh4 Nf8 30. Qg3 Bd7 31. Be5 Ne6 32. Bh3 Bf8 33. Nf6+ gxf6 34. gxf6+ Bg7
35. Bxe6 1-0

[Event "XIV C.to Italiano U20"]
[Site "Bratto - Castione della Presolana ITA"]
[Date "2006.08.20"]
[Round "2"]
[White "Stromboli, Ettore"]
[Black "De Nisi, Mario"]
[Result "1-0"]
[WhiteElo "2224"]
[BlackElo "1974"]
[PlyCount "63"]
[EventDate "2006.08.19"]

1. e4 e6 2. d4 d5 3. e5 c5 4. c3 Nc6 5. Be3 Qb6 6. Qd2 Bd7 7. Nf3 Rc8 8. Be2
cxd4 9. cxd4 Bb4 10. Nc3 Bxc3 11. bxc3 Na5 12. O-O Nc4 13. Bxc4 Rxc4 14. Rfb1
Qa6 15. Qb2 b6 16. Nd2 Rc7 17. a4 Ne7 18. a5 Nc8 19. axb6 Qxb6 20. Qa3 Qc6 21.
Rb8 f6 22. exf6 gxf6 23. Bf4 Rb7 24. Rxb7 Qxb7 25. Nb3 Kf7 26. Nc5 Qc6 27. Qc1
Re8 28. Qb1 Kg8 29. Qd3 Kh8 30. Qh3 Re7 31. Qh6 e5 32. Qf8# 1-0

[Event "XIV C.to Italiano U20"]
[Site "Bratto - Castione della Presolana ITA"]
[Date "2006.08.20"]
[Round "2"]
[White "Taglione, Stefano"]
[Black "Fratino, Lorenzo"]
[Result "0-1"]
[WhiteElo "1667"]
[BlackElo "1901"]
[PlyCount "96"]
[EventDate "2006.08.19"]

1. e4 d5 2. exd5 Nf6 3. d4 Nxd5 4. c4 Nb6 5. Be3 Nc6 6. Nc3 g6 7. a4 Bg7 8. a5
Nd7 9. d5 Nb4 10. Qb3 Na6 11. Be2 O-O 12. Nf3 Ndc5 13. Qa3 b6 14. Rc1 Bg4 15.
O-O Nb7 16. h3 Bxf3 17. Bxf3 Qd6 18. Nb5 Qxa3 19. bxa3 Nxa5 20. d6 c6 21. dxe7
Rfe8 22. Bg5 f6 23. Rfe1 fxg5 24. Nd6 Bf6 25. Nxe8 Rxe8 26. Rcd1 Nc5 27. Rd6
Rxe7 28. Red1 Be5 29. Rd8+ Kg7 30. Rc8 Bc7 31. h4 gxh4 32. Kf1 Na4 33. Ra8 Nb2
34. Rd2 Nbxc4 35. Rc2 Bf4 36. Rd8 Nxa3 37. Rc3 N5c4 38. Bxc6 Bd2 39. Rxd2 Nxd2+
40. Kg1 Rc7 41. Rxa3 Rxc6 42. Rxa7+ Kh6 43. Ra4 Nc4 44. Rb4 Rc5 45. Kh2 b5 46.
Kh3 Kg5 47. f4+ Kxf4 48. Kxh4 Rh5# 0-1

[Event "XIV C.to Italiano U20"]
[Site "Bratto - Castione della Presolana ITA"]
[Date "2006.08.20"]
[Round "2"]
[White "Torrisi, Andrea"]
[Black "Testa, Adriano"]
[Result "1/2-1/2"]
[WhiteElo "1917"]
[BlackElo "1729"]
[PlyCount "48"]
[EventDate "2006.08.19"]

1. d4 d5 2. c4 e6 3. Nf3 Nf6 4. e3 c6 5. Nbd2 Nbd7 6. b3 Bd6 7. Bb2 O-O 8. Ne5
Re8 9. Bd3 dxc4 10. Bxc4 c5 11. O-O cxd4 12. exd4 Nb6 13. f4 Nbd5 14. Rf3 Bd7
15. Rh3 Nxf4 16. Rh4 Bxe5 17. dxe5 N6d5 18. Qg4 Ng6 19. Rh3 Ndf4 20. Rf3 Bc6
21. Rxf4 Qxd2 22. Rf2 Qe3 23. Raf1 Re7 24. Bd4 Qe4 1/2-1/2

[Event "XIV C.to Italiano U20"]
[Site "Bratto - Castione della Presolana ITA"]
[Date "2006.08.20"]
[Round "2"]
[White "Zermian, Federico"]
[Black "Lai, Luca"]
[Result "0-1"]
[WhiteElo "1560"]
[BlackElo "1877"]
[PlyCount "48"]
[EventDate "2006.08.19"]

1. e4 d5 2. exd5 c6 3. d4 cxd5 4. Nc3 Nc6 5. Nf3 Bg4 6. Be2 h5 7. h3 Bf5 8. Nh4
Qd7 9. Bxh5 Nf6 10. Nxf5 Qxf5 11. Be2 e5 12. dxe5 Nxe5 13. Nxd5 O-O-O 14. c4
Bb4+ 15. Bd2 Ne4 16. O-O Nxd2 17. Qxd2 Bd6 18. Ne3 Qg5 19. Kh1 Rxh3+ 20. gxh3
Rh8 21. Bg4+ Nxg4 22. Rg1 Nxf2+ 23. Qxf2 Rxh3+ 24. Qh2 Rxh2# 0-1

[Event "XIV C.to Italiano U20"]
[Site "Bratto - Castione della Presolana ITA"]
[Date "2006.08.21"]
[Round "3"]
[White "Bartoli, Fabio"]
[Black "Sala, Giovanni"]
[Result "0-1"]
[WhiteElo "1572"]
[BlackElo "1968"]
[PlyCount "52"]
[EventDate "2006.08.19"]

1. e4 c5 2. Nf3 d6 3. d4 cxd4 4. Nxd4 Nf6 5. Nc3 a6 6. f3 e5 7. Nb3 Be6 8. Be3
Nbd7 9. Qd2 Be7 10. Be2 Qc7 11. g4 h6 12. h4 b5 13. O-O-O b4 14. Nd5 Bxd5 15.
exd5 Nb6 16. Bxb6 Qxb6 17. g5 Nh5 18. Rdg1 Nf4 19. gxh6 gxh6 20. Rg4 h5 21. Rg3
Ng6 22. Rgh3 Bf8 23. Kb1 Bh6 24. Qd1 Nf4 25. Rg3 Qf2 26. Rhg1 Qxe2 0-1

[Event "XIV C.to Italiano U20"]
[Site "Bratto - Castione della Presolana ITA"]
[Date "2006.08.21"]
[Round "3"]
[White "Bernardini, Luca"]
[Black "Cozzarin, Davide"]
[Result "0-1"]
[WhiteElo "1826"]
[BlackElo "2062"]
[PlyCount "126"]
[EventDate "2006.08.19"]

1. e4 e6 2. d4 d5 3. exd5 exd5 4. c4 Nf6 5. Nc3 Be7 6. Nf3 O-O 7. Be2 dxc4 8.
Bxc4 Bg4 9. O-O Nc6 10. d5 Ne5 11. Be2 Ng6 12. Re1 Bb4 13. Bg5 h6 14. Bxf6 Qxf6
15. Qd4 Qxd4 16. Nxd4 Bxe2 17. Ndxe2 Rfd8 18. a3 Ba5 19. b4 Bb6 20. Rad1 Rd7
21. Rd2 Rad8 22. Red1 a5 23. Ne4 Ne5 24. N2c3 Nc4 25. Ra2 c6 26. Nc5 Bxc5 27.
bxc5 cxd5 28. a4 Rc8 29. Rxd5 Rxd5 30. Nxd5 Rxc5 31. Ne3 Nxe3 32. fxe3 b5 33.
axb5 Rxb5 34. Kf2 Kf8 35. Ke2 Ke7 36. Kd3 Kd6 37. g3 Kc6 38. Ra4 Rc5 39. Rf4 f6
40. Rg4 Rg5 41. Rf4 Kb5 42. g4 Rc5 43. Rf1 a4 44. Rb1+ Ka6 45. Ra1 Ka5 46. h4
Rb5 47. Rg1 a3 48. Kc3 Ka4 49. e4 a2 50. Kc2 Rb1 51. Rxb1 axb1=Q+ 52. Kxb1 Kb4
53. g5 fxg5 54. hxg5 h5 55. e5 Kc5 56. Kc2 h4 57. e6 Kd6 58. Kd3 h3 59. Ke4 h2
60. Kf5 h1=Q 61. Kg6 Kxe6 62. Kxg7 Qh5 63. g6 Ke7 0-1

[Event "XIV C.to Italiano U20"]
[Site "Bratto - Castione della Presolana ITA"]
[Date "2006.08.21"]
[Round "3"]
[White "Bonafede, Alessandro"]
[Black "Rombaldoni, Denis"]
[Result "0-1"]
[WhiteElo "2175"]
[BlackElo "2348"]
[PlyCount "90"]
[EventDate "2006.08.19"]

1. e4 c6 2. d4 d5 3. e5 Bf5 4. c4 e6 5. Nc3 dxc4 6. Bxc4 Nd7 7. Nge2 Nb6 8. Bb3
Ne7 9. Ng3 Bg6 10. O-O h5 11. h4 Nf5 12. Nxf5 Bxf5 13. Bg5 Be7 14. Qd2 Bxg5 15.
hxg5 h4 16. Kh2 Qe7 17. Rac1 Rd8 18. Qe3 Rh5 19. f4 Qb4 20. Rfd1 a5 21. Ne4 a4
22. Bc2 h3 23. Ng3 Bxc2 24. Rxc2 Rh4 25. Ne2 hxg2+ 26. Kxg2 Nd5 27. Qf2 Kd7 28.
Rh1 Rxh1 29. Kxh1 Rh8+ 30. Kg2 Qb5 31. Qf3 Ne7 32. Ng3 Ng6 33. Kg1 Qb4 34. Qf2
Rh4 35. Ne2 Rg4+ 36. Kh2 Qf8 37. Rc3 Rh4+ 38. Rh3 Rxh3+ 39. Kxh3 Qh8+ 40. Kg2
Qh5 41. Kg1 Qh3 42. Qg2 Qd3 43. Qf1 Nh4 44. Qf2 Qb1+ 45. Kh2 Qxb2 0-1

[Event "XIV C.to Italiano U20"]
[Site "Bratto - Castione della Presolana ITA"]
[Date "2006.08.21"]
[Round "3"]
[White "Boscolo, Marco"]
[Black "Gilardi, Davide"]
[Result "1-0"]
[WhiteElo "2041"]
[BlackElo "1518"]
[PlyCount "143"]
[EventDate "2006.08.19"]

1. e4 c5 2. Nf3 d6 3. d4 cxd4 4. Nxd4 Nf6 5. f3 a6 6. c4 Nc6 7. Be3 g6 8. Nc3
Bg7 9. Qd2 O-O 10. Be2 Nd7 11. Nc2 Nde5 12. O-O Be6 13. Na3 Na5 14. Nd5 Bxd5
15. exd5 b6 16. Rac1 Nb7 17. b3 Nd7 18. Rfe1 Nbc5 19. Nc2 Qc7 20. Nd4 e5 21.
dxe6 Nxe6 22. Nxe6 fxe6 23. Rcd1 Nc5 24. Qxd6 Qb7 25. b4 Na4 26. Qxe6+ Kh8 27.
Qd7 Qxd7 28. Rxd7 Rfe8 29. Bd4 Bxd4+ 30. Rxd4 Nc3 31. Rd2 Rac8 32. Kf2 Nxe2 33.
Rexe2 Rxe2+ 34. Kxe2 Rxc4 35. Rb2 Kg7 36. Kd3 Rc7 37. Re2 Kf6 38. Rc2 Rd7+ 39.
Ke2 Re7+ 40. Kf2 Re6 41. a4 Kg5 42. Rc7 h5 43. Ra7 b5 44. axb5 axb5 45. Rc7 Re5
46. Rd7 Kf6 47. h4 Ke6 48. Rd4 Rd5 49. Ke3 Rf5 50. Kd3 Ke7 51. Ke4 Ke6 52. Rd8
Re5+ 53. Kd4 Rf5 54. Rg8 Kf7 55. Rb8 Ke6 56. Rb6+ Kf7 57. Ke4 Kg7 58. g4 hxg4
59. fxg4 Rf1 60. Rxb5 Re1+ 61. Kf3 Rf1+ 62. Kg3 Rg1+ 63. Kf4 Kh6 64. Kf3 Rf1+
65. Kg2 Rf4 66. Kg3 Rc4 67. h5 gxh5 68. Rxh5+ Kg6 69. Rb5 Rc3+ 70. Kh4 Rc1 71.
Rb6+ Kg7 72. Kg5 1-0

[Event "XIV C.to Italiano U20"]
[Site "Bratto - Castione della Presolana ITA"]
[Date "2006.08.21"]
[Round "3"]
[White "Bosi, Clint"]
[Black "Locci, Damiano"]
[Result "1-0"]
[WhiteElo "2050"]
[BlackElo "1976"]
[PlyCount "80"]
[EventDate "2006.08.19"]

1. e4 g6 2. d4 Bg7 3. c4 d6 4. Nc3 e5 5. d5 Nf6 6. Bd3 O-O 7. Nge2 Na6 8. f3
Nh5 9. Be3 f5 10. Qd2 f4 11. Bf2 Bd7 12. O-O-O b6 13. Rdg1 Nc5 14. Bc2 a5 15.
Bd1 Qe8 16. Kb1 a4 17. g3 fxg3 18. hxg3 Rxf3 19. Nc1 Rf8 20. Be3 Nf6 21. Qh2
Rf7 22. g4 Bh8 23. Bxc5 bxc5 24. g5 Nh5 25. Bxh5 gxh5 26. Qxh5 Rg7 27. g6 Kf8
28. Rf1+ Bf5 29. Qxf5+ Ke7 30. Rxh7 Rxh7 31. gxh7 a3 32. Rg1 Qf7 33. Qxf7+ Kxf7
34. Rg8 Rxg8 35. hxg8=Q+ Kxg8 36. b3 Bf6 37. Nb5 Bd8 38. Nxa3 Kg7 39. Kc2 Kf6
40. Kd3 Kg5 1-0

[Event "XIV C.to Italiano U20"]
[Site "Bratto - Castione della Presolana ITA"]
[Date "2006.08.21"]
[Round "3"]
[White "Cantu', Guido"]
[Black "Zermian, Federico"]
[Result "1-0"]
[WhiteElo "1842"]
[BlackElo "1560"]
[PlyCount "49"]
[EventDate "2006.08.19"]

1. e4 e5 2. Nf3 Nc6 3. d4 exd4 4. Nxd4 Nf6 5. Nxc6 bxc6 6. e5 Nd5 7. c4 Nb6 8.
Be2 Bb4+ 9. Bd2 Bxd2+ 10. Qxd2 d6 11. exd6 Qxd6 12. O-O O-O 13. Rd1 Ba6 14. b3
Rad8 15. Qxd6 cxd6 16. Bf3 d5 17. cxd5 cxd5 18. Nc3 d4 19. Ne4 Bb7 20. Nf6+
gxf6 21. Bxb7 d3 22. Rd2 Rfe8 23. Rad1 Re2 24. Rxe2 dxe2 25. Rxd8+ 1-0

[Event "XIV C.to Italiano U20"]
[Site "Bratto - Castione della Presolana ITA"]
[Date "2006.08.21"]
[Round "3"]
[White "Caruana, Fabiano"]
[Black "Lain, Luigi"]
[Result "1-0"]
[WhiteElo "2444"]
[BlackElo "2254"]
[PlyCount "67"]
[EventDate "2006.08.19"]

1. e4 e5 2. Nf3 Nc6 3. Bb5 a6 4. Ba4 Nf6 5. O-O b5 6. Bb3 Be7 7. Re1 d6 8. c3
Bg4 9. d3 O-O 10. Nbd2 Na5 11. Bc2 c5 12. h3 Bh5 13. Nf1 Ne8 14. Ng3 Bxf3 15.
Qxf3 Bg5 16. Nf5 Bxc1 17. Raxc1 Nc7 18. Rcd1 g6 19. d4 exd4 20. cxd4 gxf5 21.
dxc5 Qf6 22. cxd6 Qxb2 23. Re2 Ne8 24. e5 Nxd6 25. Rxd6 Qc1+ 26. Kh2 Qg5 27.
Bxf5 Nc4 28. Rd4 Kh8 29. Rg4 Qe7 30. Qf4 f6 31. e6 Nd6 32. Bxh7 f5 33. Rh4 Kg7
34. Qh6+ 1-0

[Event "XIV C.to Italiano U20"]
[Site "Bratto - Castione della Presolana ITA"]
[Date "2006.08.21"]
[Round "3"]
[White "De Filomeno, Simone"]
[Black "Manconi, Antonio"]
[Result "1-0"]
[WhiteElo "1687"]
[BlackElo "2023"]
[PlyCount "89"]
[EventDate "2006.08.19"]

1. e4 c5 2. Nc3 Nc6 3. g3 g6 4. Bg2 Bg7 5. d3 d6 6. Be3 Nd4 7. Qd2 Qa5 8. f4
Nh6 9. h3 f5 10. Nf3 Rb8 11. Bxd4 cxd4 12. Nd5 Qxd2+ 13. Kxd2 b5 14. e5 e6 15.
Nf6+ Bxf6 16. exf6 Bb7 17. Rae1 Bxf3 18. Bxf3 Kf7 19. g4 Ng8 20. g5 Rc8 21. h4
Nxf6 22. gxf6 h6 23. Rh2 Rc7 24. Rhe2 Rhc8 25. Kd1 e5 26. fxe5 dxe5 27. Rxe5
Rxc2 28. Re7+ Kf8 29. Re8+ Rxe8 30. Rxe8+ Kxe8 31. Kxc2 Kf7 32. b4 g5 33. hxg5
hxg5 34. Kd2 Kxf6 35. Ke2 Ke5 36. Bc6 Kf4 37. Kf2 a6 38. Bd7 g4 39. Bc8 g3+ 40.
Kg2 Kg4 41. Bxa6 f4 42. Bc8+ Kh4 43. Kf3 Kg5 44. Bd7 Kh4 45. a3 1-0

[Event "XIV C.to Italiano U20"]
[Site "Bratto - Castione della Presolana ITA"]
[Date "2006.08.21"]
[Round "3"]
[White "De Nisi, Mario"]
[Black "Marazzi, Dominic"]
[Result "1-0"]
[WhiteElo "1974"]
[BlackElo "1679"]
[PlyCount "95"]
[EventDate "2006.08.19"]

1. c4 c5 2. Nc3 Nc6 3. g3 Nf6 4. Bg2 e6 5. e4 Qc7 6. Nge2 Nd4 7. d3 h5 8. h3 h4
9. g4 Nxe2 10. Qxe2 e5 11. Bf3 Ng8 12. g5 Ne7 13. Bh5 Ng6 14. Bxg6 fxg6 15. f4
d6 16. Nd5 Qd8 17. Qf3 Be6 18. f5 gxf5 19. exf5 Bxd5 20. cxd5 Qd7 21. f6 gxf6
22. gxf6 O-O-O 23. Rg1 Qh7 24. Qg4+ Kb8 25. Qg6 Bh6 26. Bxh6 Qxh6 27. Ke2 Kc7
28. Qxh6 Rxh6 29. Rg7+ Kc8 30. Rf1 a5 31. Rf5 Rf8 32. f7 Rhh8 33. Kf3 Kd7 34.
Kg4 Ke7 35. Kg5 b5 36. Rf3 a4 37. Rf2 Kd7 38. Rf6 Ke7 39. Re6+ Kd7 40. Kf6 Rh6+
41. Rg6 a3 42. b3 Rh7 43. Re7+ Kd8 44. Ra7 Rhh8 45. Ke6 Kc8 46. Ra8+ Kc7 47.
Rxf8 Rxf8 48. Rg8 1-0

[Event "XIV C.to Italiano U20"]
[Site "Bratto - Castione della Presolana ITA"]
[Date "2006.08.21"]
[Round "3"]
[White "Dvirnyy, Danyyil"]
[Black "Stromboli, Carlo"]
[Result "1/2-1/2"]
[WhiteElo "2280"]
[BlackElo "2196"]
[PlyCount "23"]
[EventDate "2006.08.19"]

1. e4 e5 2. Nf3 Nc6 3. d4 exd4 4. Bc4 Nf6 5. O-O Nxe4 6. Re1 d5 7. Bxd5 Qxd5 8.
Nc3 Qa5 9. Nxe4 Be6 10. Neg5 O-O-O 11. Nxe6 fxe6 12. Rxe6 1/2-1/2

[Event "XIV C.to Italiano U20"]
[Site "Bratto - Castione della Presolana ITA"]
[Date "2006.08.21"]
[Round "3"]
[White "Fossati, Remigio"]
[Black "Ronchetti, Niccolo'"]
[Result "0-1"]
[WhiteElo "2203"]
[BlackElo "2421"]
[PlyCount "74"]
[EventDate "2006.08.19"]

1. d4 Nf6 2. c4 Nc6 3. Nf3 e6 4. a3 d6 5. Nc3 g6 6. e4 Bg7 7. Be2 O-O 8. d5 Ne7
9. O-O Nd7 10. Qc2 f5 11. exf5 Nxf5 12. Bg5 Nf6 13. Rad1 h6 14. Bc1 e5 15. Bd3
Qe7 16. b3 c5 17. b4 b6 18. Bd2 Bd7 19. Rb1 Rac8 20. Rfe1 Nd4 21. Nxd4 cxd4 22.
Ne4 Nxd5 23. Qb3 Nf4 24. Bxf4 Rxf4 25. c5+ Kh7 26. cxd6 Qf8 27. Rbc1 Bf5 28.
Qd5 Rd8 29. Rc7 Bxe4 30. Bxe4 Rxd6 31. Qxe5 Rdf6 32. Qxd4 Rxf2 33. Qd3 R2f4 34.
g3 Rf2 35. Bg2 Rd6 36. Qc4 Rdd2 37. Be4 Rg2+ 0-1

[Event "XIV C.to Italiano U20"]
[Site "Bratto - Castione della Presolana ITA"]
[Date "2006.08.21"]
[Round "3"]
[White "Fratino, Lorenzo"]
[Black "Mereu, Matteo"]
[Result "1/2-1/2"]
[WhiteElo "1901"]
[BlackElo "1497"]
[PlyCount "41"]
[EventDate "2006.08.19"]

1. e4 e5 2. d4 exd4 3. Qxd4 Nc6 4. Qe3 g6 5. Nc3 Bg7 6. Bd2 Nge7 7. O-O-O d6 8.
Bc4 a6 9. Nge2 b5 10. Bd3 Be6 11. f4 Nb4 12. Be1 O-O 13. h4 Nxd3+ 14. Rxd3 b4
15. Nd5 Nxd5 16. exd5 Bf5 17. Rd2 Re8 18. Qg3 Qf6 19. c4 Re4 20. Qb3 Rae8 21.
Qf3 1/2-1/2

[Event "XIV C.to Italiano U20"]
[Site "Bratto - Castione della Presolana ITA"]
[Date "2006.08.21"]
[Round "3"]
[White "Mora, Lorenzo"]
[Black "Rombaldoni, Brian"]
[Result "1-0"]
[WhiteElo "1871"]
[BlackElo "1704"]
[PlyCount "54"]
[EventDate "2006.08.19"]

1. e4 c6 2. d3 d5 3. Nd2 Nf6 4. Ngf3 Qa5 5. e5 Nfd7 6. g3 c5 7. Bg2 e6 8. O-O
Nc6 9. Qe2 g6 10. c4 dxc4 11. Nxc4 Qc7 12. a4 b6 13. b3 Ba6 14. Nfd2 O-O-O 15.
Bb2 Kb8 16. Qf3 Rc8 17. Nd6 Ndxe5 18. Bxe5 Bxd6 19. Bxh8 Bxd3 20. Qxd3 Rxh8 21.
Qe4 Rc8 22. Nc4 f5 23. Qxe6 Be5 24. Nxe5 Nxe5 25. Rfe1 Nd3 26. Qd5 Qg7 27. Qa8+
Kc7 1-0

[Event "XIV C.to Italiano U20"]
[Site "Bratto - Castione della Presolana ITA"]
[Date "2006.08.21"]
[Round "3"]
[White "Navarro, Stefano"]
[Black "Lapiccirella, Daniele"]
[Result "1/2-1/2"]
[WhiteElo "2224"]
[BlackElo "2146"]
[PlyCount "104"]
[EventDate "2006.08.19"]

1. e4 c5 2. Nf3 e6 3. d3 d5 4. Nbd2 Nf6 5. g3 Nc6 6. Bg2 Be7 7. O-O O-O 8. Re1
Qc7 9. c3 b5 10. Nf1 a5 11. Bf4 Qb6 12. e5 Nd7 13. h4 Bb7 14. N1h2 d4 15. Ng4
dxc3 16. bxc3 b4 17. Rb1 Qc7 18. Ng5 Bxg5 19. Bxg5 Ncxe5 20. Bxb7 Qxb7 21. Nxe5
Nxe5 22. Rxe5 f6 23. Rxc5 fxg5 24. hxg5 Qf3 25. Qxf3 Rxf3 26. cxb4 axb4 27.
Rxb4 Rxa2 28. Rf4 Rxf4 29. gxf4 Ra3 30. Rc8+ Kf7 31. Rd8 Ra4 32. d4 Kg6 33. Kg2
h6 34. gxh6 Kxh6 35. Rd6 Kh7 36. Kf3 Kg8 37. Rd7 Kf8 38. Ke4 Ra2 39. Kf3 Rb2
40. Ke3 Rb3+ 41. Ke4 Rb2 42. f3 Re2+ 43. Kd3 Re1 44. Ra7 Rf1 45. Ke2 Rb1 46.
Ra5 g6 47. Ra7 Rb3 48. Rd7 Ra3 49. Kf2 Rd3 50. Ke2 Ra3 51. Rc7 Rb3 52. Rd7 Ra3
1/2-1/2

[Event "XIV C.to Italiano U20"]
[Site "Bratto - Castione della Presolana ITA"]
[Date "2006.08.21"]
[Round "3"]
[White "Paladino, Giovanni"]
[Black "Dini, Andrea"]
[Result "0-1"]
[WhiteElo "1760"]
[BlackElo "1930"]
[PlyCount "86"]
[EventDate "2006.08.19"]

1. e4 c5 2. Nf3 d6 3. d4 cxd4 4. Nxd4 Nf6 5. Nc3 g6 6. Be3 Bg7 7. f3 O-O 8. Qd2
Nc6 9. O-O-O d5 10. Nxc6 bxc6 11. e5 Nd7 12. f4 Qa5 13. h4 Rb8 14. h5 Ba6 15.
hxg6 fxg6 16. Bxa6 Qxa6 17. Nxd5 cxd5 18. Qxd5+ e6 19. Qxd7 Qxa2 20. Bd4 Rf7
21. Qd6 Rc8 22. Rh3 Bf8 23. Ra3 Rxc2+ 24. Kxc2 Qc4+ 25. Rc3 Qe2+ 26. Kc1 Bxd6
27. exd6 Rd7 28. Be5 Qxg2 29. Rc7 Rxc7+ 30. dxc7 Qc6+ 31. Kd2 Qd5+ 32. Ke3 Qc5+
33. Rd4 Qc1+ 34. Rd2 Kf7 35. Bc3 Qg1+ 36. Rf2 Qc1+ 37. Kd3 Qd1+ 38. Rd2 Qf3+
39. Kd4 Qxf4+ 40. Kd3 Qxc7 41. Rf2+ Kg8 42. Bb4 Qg3+ 43. Ke2 Qg4+ 0-1

[Event "XIV C.to Italiano U20"]
[Site "Bratto - Castione della Presolana ITA"]
[Date "2006.08.21"]
[Round "3"]
[White "Palmitessa, Andrea"]
[Black "Cocuzzi, Edoardo"]
[Result "1-0"]
[WhiteElo "1512"]
[BlackElo "1689"]
[PlyCount "63"]
[EventDate "2006.08.19"]

1. e4 e5 2. Nf3 Nc6 3. Nc3 Bc5 4. Bc4 d6 5. h3 a6 6. d3 h6 7. Be3 Bb4 8. Qd2
Na5 9. a3 Nxc4 10. dxc4 Bxc3 11. Qxc3 b6 12. O-O-O Qe7 13. Nd2 Bb7 14. f3 Nf6
15. Nf1 Nh5 16. g4 Nf6 17. Bf2 Nd7 18. Ne3 O-O 19. h4 c6 20. Nf5 Qd8 21. Nxd6
Qc7 22. Nxb7 Qxb7 23. g5 h5 24. Rd3 f5 25. gxf6 Rxf6 26. Rhd1 Rf7 27. Bg3 Qc7
28. Rd6 Re8 29. Qe3 Ref8 30. Qg5 Rxf3 31. Rxd7 Rf1 32. Qxg7# 1-0

[Event "XIV C.to Italiano U20"]
[Site "Bratto - Castione della Presolana ITA"]
[Date "2006.08.21"]
[Round "3"]
[White "Parodi, Alessandro"]
[Black "Coladangelo, Andrea"]
[Result "1-0"]
[WhiteElo "1918"]
[BlackElo "1548"]
[PlyCount "79"]
[EventDate "2006.08.19"]

1. d4 Nf6 2. c4 g6 3. Nc3 Bg7 4. e4 d6 5. f3 O-O 6. Be3 e5 7. d5 a5 8. Qd2 Na6
9. Bd3 Nd7 10. Nge2 Ndc5 11. Bc2 Bd7 12. O-O b6 13. b3 h5 14. a3 Kh7 15. Rfb1
Rh8 16. b4 Nb7 17. Nc1 Kg8 18. Nd3 f5 19. Ba4 Bxa4 20. Nxa4 f4 21. Bf2 Bf8 22.
Qc2 axb4 23. axb4 g5 24. Nc3 g4 25. Ra2 Qg5 26. Kf1 g3 27. Bg1 h4 28. h3 Qd8
29. Rba1 Qc8 30. Rxa6 Rxa6 31. Rxa6 Nd8 32. Qa4 Nf7 33. Ra8 Qb7 34. Qa7 Qxa7
35. Rxa7 Ng5 36. Rxc7 Rh6 37. Bxb6 Nxh3 38. gxh3 g2+ 39. Kg1 Rg6 40. Ne2 1-0

[Event "XIV C.to Italiano U20"]
[Site "Bratto - Castione della Presolana ITA"]
[Date "2006.08.21"]
[Round "3"]
[White "Popa, Dragos"]
[Black "Pomaro, Alberto"]
[Result "0-1"]
[WhiteElo "1703"]
[BlackElo "2046"]
[PlyCount "44"]
[EventDate "2006.08.19"]

1. e4 e6 2. d4 d5 3. e5 c5 4. c3 Nc6 5. Nf3 Qb6 6. Bd3 cxd4 7. cxd4 Bd7 8. Be2
Nge7 9. g4 h5 10. gxh5 Nf5 11. Nc3 Ncxd4 12. Nxd4 Qxd4 13. f4 Qc5 14. Bd3 Be7
15. Qe2 Bh4+ 16. Kd1 O-O-O 17. Bxf5 exf5 18. Bd2 Kb8 19. Rc1 d4 20. Nb1 Qd5 21.
Rg1 d3 22. Qg2 Ba4+ 0-1

[Event "XIV C.to Italiano U20"]
[Site "Bratto - Castione della Presolana ITA"]
[Date "2006.08.21"]
[Round "3"]
[White "Pulcini, Giorgio"]
[Black "Torrisi, Andrea"]
[Result "0-1"]
[WhiteElo "1659"]
[BlackElo "1917"]
[PlyCount "126"]
[EventDate "2006.08.19"]

1. e4 c5 2. Bc4 e6 3. Nc3 Nc6 4. Nf3 Nge7 5. d3 a6 6. Be3 d6 7. Ng5 h6 8. Nf3
d5 9. Bxc5 dxc4 10. dxc4 Ng6 11. Qxd8+ Nxd8 12. Bxf8 Rxf8 13. O-O-O Nc6 14. Na4
b5 15. Rd6 bxa4 16. Rxc6 Bd7 17. Rd6 Ke7 18. Rhd1 Rfd8 19. c5 Bb5 20. Nd4 Rxd6
21. cxd6+ Kd7 22. g3 Ne5 23. f4 Nc4 24. b3 axb3 25. axb3 Nb6 26. c4 Rc8 27. Kb2
Bxc4 28. bxc4 Nxc4+ 29. Kb3 Kxd6 30. Nf5+ Kc5 31. Rc1 Rb8+ 32. Kc3 exf5 33.
exf5 a5 34. Ra1 Rb4 35. Re1 a4 36. Re7 Rb3+ 37. Kc2 Rb2+ 38. Kc3 Rb3+ 39. Kc2
Nd6 40. Rc7+ Kd5 41. Ra7 Rc3+ 42. Kb2 a3+ 43. Ka2 Rc2+ 44. Kb3 Rb2+ 45. Kxa3
Nb5+ 46. Kxb2 Nxa7 47. Kc3 Ke4 48. Kc4 Kxf5 49. Kd5 Nc8 50. Kc6 Ne7+ 51. Kd7
Nd5 52. Kd6 Nxf4 53. gxf4 Kxf4 54. Ke7 f5 55. Kf7 Kg4 56. Ke6 f4 57. Kf7 f3 58.
Kxg7 f2 59. Kxh6 f1=Q 60. h4 Qf6+ 61. Kh7 Kh5 62. Kg8 Kh6 63. h5 Qg7# 0-1

[Event "XIV C.to Italiano U20"]
[Site "Bratto - Castione della Presolana ITA"]
[Date "2006.08.21"]
[Round "3"]
[White "Puleo, Diego"]
[Black "Bellemo, Davide"]
[Result "0-1"]
[WhiteElo "1767"]
[BlackElo "2093"]
[PlyCount "80"]
[EventDate "2006.08.19"]

1. e4 e5 2. Nf3 Nc6 3. d4 exd4 4. Nxd4 Bc5 5. Be3 Qf6 6. Nb5 Bxe3 7. fxe3 Qd8
8. Qg4 g6 9. Qf4 d6 10. Bc4 Ne5 11. O-O Qe7 12. N1c3 c6 13. Bxf7+ Kf8 14. Bxg8+
Kxg8 15. Nd4 Kg7 16. h3 Bd7 17. Qg3 Rhf8 18. b3 h5 19. Nf5+ Bxf5 20. Rxf5 h4
21. Rxf8 hxg3 22. Rxa8 a6 23. Rf1 Nf7 24. Rb8 Qc7 25. Re8 Qd7 26. Rb8 d5 27.
exd5 cxd5 28. Na4 Qc7 29. Re8 Nd6 30. Ref8 Nf5 31. R8xf5 gxf5 32. Rxf5 b5 33.
Rxd5 bxa4 34. bxa4 Kf6 35. Rd4 Qxc2 36. Rf4+ Ke5 37. Rf3 Qc1+ 38. Rf1 Qxe3+ 39.
Kh1 Qf2 40. Ra1 Kd4 0-1